000 00723nam a22002297a 4500
999 _c159643
_d159643
005 20181227124823.0
006 a|||||f|||| 00| 0
007 tc
008 180720b xxu||||| |||| 00| 0 eng d
010 _aB-089838-B-089845
020 _c62.00(per set)
035 _aB-089838
037 _bA.I.C.B.
082 _aS
100 _aTwain, Mark
245 _aThe Adventure of Tom Sawyer
_cby Mark Twain
260 _aDelhi
_bA.C.I.B.
_cN.D.
270 _aSector-5, Rohini,
_bNew Delhi
_e110085
300 _a4V.,various pages.
_c30cm(HB).
942 _2ddc
_cBRLEN
_hS
_mTWA